| 000 | 00548nam a2200169 4500 | ||
|---|---|---|---|
| 001 | 115954 | ||
| 003 | ES-MaACL | ||
| 005 | 20230906190612.0 | ||
| 007 | t| | ||
| 008 | 061121s1934 sp r ||||1| spa d | ||
| 080 | _aA-3775 | ||
| 100 | 1 |
_aOrtiz Pacheco, Nicolás. _987636 |
|
| 245 | 1 | 3 |
_aLa justicia contra el machete _b: (réplica al libro `Bajo el signo de Marte del canciller uruguayo Justo Pastor Benítez) / _cNicolás Ortiz Pacheco. |
| 260 |
_aLa Paz : _bRenacimiento, _c1935. |
||
| 300 |
_a220 p. ; _c20 cm. |
||
| 852 |
_aES-MaACL _jA-3775 |
||
| 999 |
_c115954 _d115954 |
||